|
|
|
|
| LEADER |
00689nta a2200205 i 4500 |
| 001 |
dokt7980 |
| 005 |
20221019082050.0 |
| 008 |
221019s1976 hu om 0|| hun d |
| 040 |
|
|
|a SZTE Doktori Repozitórium
|b hun
|
| 041 |
|
|
|a hun
|
| 100 |
1 |
|
|a Kovács András
|
| 245 |
1 |
0 |
|a Erdélyi József költészete
|h [elektronikus dokumentum] /
|c Kovács András
|
| 260 |
|
|
|c 1976
|
| 502 |
|
|
|a Disszertacio
|
| 650 |
|
4 |
|a irodalom- és kultúra tudományok
|
| 650 |
|
4 |
|a Bölcsészettudományok
|
| 650 |
|
4 |
|a Nyelvek és irodalom
|
| 695 |
|
|
|a Erdélyi József, Irodalom
|
| 700 |
1 |
|
|a Nincs megadva
|e ths
|
| 856 |
4 |
0 |
|u https://doktori.bibl.u-szeged.hu/id/eprint/7980/1/1976_kovacs_andras.pdf
|z Dokumentum-elérés
|